000 00651cab a2200229 4500
001 ABS52657
008 090401t1995 xxu||||| |||| 00| 0 eng d
035 _a(Sirsi) u89067
041 _aeng
100 _aDodsworth, C.
245 _aLook before you leap
260 _c1995
350 _a0
490 _aBuilding
_v260(7888) 13 April 1995, 35(1)
520 _aWarns of the dangers of amending standard forms of contract.
650 _aAMENDMENTS
650 _aBUILT ENVIRONMENT-BUILDING CONTRACT FORMS
650 _aSTANDARD FORMS OF CONTRACT
690 _aBUILT ENVIRONMENT-BUILDING CONTRACT FORMS
942 _n0
948 _c04/03/1997
999 _c56328
_d56328